<?xml version="1.0" encoding="UTF-8"?>
<marc:record xmlns:marc="http://www.loc.gov/MARC21/slim">
   <marc:leader>00000nam a2200000 a 4500</marc:leader>
   <marc:datafield ind1="1" ind2=" " tag="100">
      <marc:subfield code="a">Fölck, Romy</marc:subfield>
      <marc:subfield code="4">aut</marc:subfield>
      <marc:subfield code="e">Verfasser/-in</marc:subfield>
   </marc:datafield>
   <marc:datafield ind1=" " ind2=" " tag="653">
      <marc:subfield code="a">Teil einer Reihe</marc:subfield>
   </marc:datafield>
   <marc:datafield ind1=" " ind2=" " tag="653">
      <marc:subfield code="a">Bestsellerautorin</marc:subfield>
   </marc:datafield>
   <marc:datafield ind1=" " ind2=" " tag="653">
      <marc:subfield code="a">Thriller</marc:subfield>
   </marc:datafield>
   <marc:datafield ind1=" " ind2=" " tag="653">
      <marc:subfield code="a">Autor Deutschland</marc:subfield>
   </marc:datafield>
   <marc:datafield ind1="0" ind2="0" tag="245">
      <marc:subfield code="a">Nebelopfer - 5</marc:subfield>
   </marc:datafield>
   <marc:datafield ind1="0" ind2="0" tag="245">
      <marc:subfield code="c">Romy Fölck</marc:subfield>
   </marc:datafield>
   <marc:datafield ind1=" " ind2="1" tag="264">
      <marc:subfield code="a">Köln</marc:subfield>
      <marc:subfield code="b">Bastei Lübbe</marc:subfield>
      <marc:subfield code="c">2022</marc:subfield>
   </marc:datafield>
   <marc:datafield ind1="1" ind2=" " tag="490">
      <marc:subfield code="a">Elbmarsch</marc:subfield>
      <marc:subfield code="v">5 ELBMARSCHREIHE</marc:subfield>
   </marc:datafield>
   <marc:datafield ind1="1" ind2=" " tag="520">
      <marc:subfield code="a">Quelle: bn.bibliotheksnachrichten (http://www.biblio.at/literatur/bn/index.html); #Autor: Michaela Faustmann; #Und sie werden hängen. - Fünfter Band der Elbmarsch-Krimi-Reihe. (DR)#Eines gleich vorweg: Dieses ist bereits der fünfte Fall für die beiden Ermittler Frida Paulsen und Bjarne Haverkorn. Ein alter Mordfall wird wieder aktuell, als plötzlich am örtlichen »Galgenbaum« auf der Geest ein Mann hängend gefunden wird. Ein Schild bezichtigt ihn der Falschaussage. Er soll nicht der einzige Tote bleiben...#Der Schreibstil ist ausführlich, die Autorin geht sehr auf die Emotionen der Ermittler ein, was mitunter die Spannung drückt. Da das Buch als Kriminalroman ausgewiesen ist, ist natürlich zu erwarten, dass es nicht so rasant ist wie ein Thriller. Es reihen sich aber einige nicht nachvollziehbare Ereignisse aneinander, was die Leser*innen etwas verwundert zurücklässt. Wer Fan der Reihe ist, wird hier sicher gut unterhalten werden. Neulinge sollten vielleicht erst in den ersten Band (»Totenweg«) hineinlesen, um die Ermittler und den Schreibstil kennenzulernen.</marc:subfield>
   </marc:datafield>
   <marc:datafield ind1=" " ind2=" " tag="020">
      <marc:subfield code="a">9783785727836</marc:subfield>
      <marc:subfield code="9">9783785727836</marc:subfield>
   </marc:datafield>
   <marc:datafield ind1=" " ind2=" " tag="041">
      <marc:subfield code="a">ger</marc:subfield>
   </marc:datafield>
   <marc:datafield ind1=" " ind2=" " tag="300">
      <marc:subfield code="a">398 Seiten</marc:subfield>
   </marc:datafield>
</marc:record>
